<?xml version="1.0" encoding="UTF-8"?>
<record
    xmlns:xsi="http://www.w3.org/2001/XMLSchema-instance"
    xsi:schemaLocation="http://www.loc.gov/MARC21/slim http://www.loc.gov/standards/marcxml/schema/MARC21slim.xsd"
    xmlns="http://www.loc.gov/MARC21/slim">

  <leader>01737nab a2200289   4500</leader>
  <controlfield tag="003">AR-RoBPED</controlfield>
  <controlfield tag="005">20260409105957.0</controlfield>
  <controlfield tag="008">260409b        |||||||| |||| 00| 0 spa d</controlfield>
  <datafield tag="040" ind1=" " ind2=" ">
    <subfield code="a">AR-RoBPED</subfield>
  </datafield>
  <datafield tag="041" ind1=" " ind2=" ">
    <subfield code="a">spa</subfield>
  </datafield>
  <datafield tag="100" ind1="1" ind2=" ">
    <subfield code="a">Figueroa Garro, Luisina</subfield>
    <subfield code="9">30734</subfield>
    <subfield code="e">Licenciada en Dise&#xF1;o en Comunicaci&#xF3;n Visual y m&#xE1;ster en Dise&#xF1;o Eco-Social</subfield>
  </datafield>
  <datafield tag="245" ind1="1" ind2=" ">
    <subfield code="a">Co-dise&#xF1;o de un dispositivo pedag&#xF3;gico de sensibilizaci&#xF3;n.</subfield>
    <subfield code="b">Los derechos de los chicos con padres privados de libertad /</subfield>
  </datafield>
  <datafield tag="260" ind1=" " ind2=" ">
    <subfield code="a">Buenos Aires :</subfield>
    <subfield code="b">Noveduc, </subfield>
    <subfield code="c">2025</subfield>
  </datafield>
  <datafield tag="300" ind1=" " ind2=" ">
    <subfield code="a">66-69 p.</subfield>
  </datafield>
  <datafield tag="500" ind1=" " ind2=" ">
    <subfield code="a">Este texto tiene su origen en una tesis de maestr&#xED;a del M&#xE1;ster en Dise&#xF1;o Eco-Social de la Universidad de Bolzano, Italia,2024, denominada "Permanecer con los ni&#xF1;os. Co-dise&#xF1;o de un dispositivo pedag&#xF3;gico que visibilice y permita a los profesores apoyar a los ni&#xF1;os con padres encarcelados". El trabajo se realiz&#xF3; en conjunto con el Instituto de Formaci&#xF3;n Docente de la provincia de San Luis, confiando en que la formaci&#xF3;n docente es el espacio apropiado para la formaci&#xF3;n en la sensibilidad, la empat&#xED;a y la inclusi&#xF3;n que conlleva una disponibilidad hacia un otro, y un posicionamiento &#xE9;tico frente al mundo.  </subfield>
  </datafield>
  <datafield tag="650" ind1=" " ind2="7">
    <subfield code="a">INCLUSION EDUCATIVA</subfield>
    <subfield code="9">19761</subfield>
  </datafield>
  <datafield tag="650" ind1=" " ind2="7">
    <subfield code="a">DERECHOS DEL NI&#xD1;O</subfield>
    <subfield code="9">772</subfield>
  </datafield>
  <datafield tag="650" ind1=" " ind2="7">
    <subfield code="a">ROL DEL DOCENTE</subfield>
    <subfield code="9">869</subfield>
  </datafield>
  <datafield tag="650" ind1=" " ind2="0">
    <subfield code="a">INTERVENCI&#xD3;N SOCIAL</subfield>
    <subfield code="9">21020</subfield>
  </datafield>
  <datafield tag="650" ind1=" " ind2="7">
    <subfield code="a">EXPERIENCIAS EDUCACIONALES</subfield>
    <subfield code="9">18339</subfield>
  </datafield>
  <datafield tag="650" ind1=" " ind2="7">
    <subfield code="a">FORMACION DE DOCENTES</subfield>
    <subfield code="9">1259</subfield>
  </datafield>
  <datafield tag="650" ind1=" " ind2="7">
    <subfield code="a">INCLUSION SOCIAL</subfield>
    <subfield code="9">18919</subfield>
  </datafield>
  <datafield tag="650" ind1=" " ind2="0">
    <subfield code="a">APOYO ESCOLAR</subfield>
    <subfield code="9">22616</subfield>
  </datafield>
  <datafield tag="773" ind1="0" ind2=" ">
    <subfield code="0">20414</subfield>
    <subfield code="9">41867</subfield>
    <subfield code="d">Buenos Aires :  Noveduc,  1993-</subfield>
    <subfield code="t">Novedades Educativas</subfield>
    <subfield code="w">(AR-RoBPED)20414</subfield>
    <subfield code="x">03283534</subfield>
  </datafield>
  <datafield tag="942" ind1=" " ind2=" ">
    <subfield code="2">udc</subfield>
    <subfield code="c">REV</subfield>
    <subfield code="h">37(05)</subfield>
    <subfield code="m">Nov 86 N&#xB0; 400 (Febr.2025)</subfield>
    <subfield code="a">k. 32538</subfield>
  </datafield>
  <datafield tag="945" ind1=" " ind2=" ">
    <subfield code="a">mar 04/2026</subfield>
  </datafield>
  <datafield tag="999" ind1=" " ind2=" ">
    <subfield code="c">32538</subfield>
    <subfield code="d">32538</subfield>
  </datafield>
</record>
